000 005340000a22001930004500
999 _c48638
_d48638
001 1477
003 CO-MdFUSB
005 20180402154513.0
008 180228b xxu||||| |||| 00| 0 eng d
020 _a958-30-1531-8
040 _cCO-MdBIC
082 0 4 _a705 Se17ra
100 1 _aHewitt, Sally
245 1 0 _aEl reino animal / Sally Hewitt ; ilustraciones Peter Wilks, Catherine Ward y Andrew Geeson
260 _aBogotá : Panamericana Editorial
300 _a48 P.
650 1 4 _aAnimales - Hábitos y conductas
942 _cLGB